Responses for Show #3430 - Friday, July 2, 1999

Armed Forces Week game 5.

Contestants

[<< previous game]

Michael Arnold, an Air Force weapons systems officer originally from Tampa, Florida, now stationed at RAF Lakenheath, England

Stacie Jacobson, an Air Force computer operator originally from Emporia, Pennsylvania, now stationed at Araxos, Greece

Myles Caggins, an Army assistant to the Fifth Corps Commanding General originally from Heidelberg, Germany, now stationed at Heidelberg, Germany

[next game >>]

Jeopardy! Round responses

AMERICAN HISTORY
ACCESSORIES
MILITARY TELEVISION
MEDAL OF HONOR WINNERS
10-HUT!
SIR! YES SIR!
(Alex: I'm going to give you that expression in various languages; you have to identify the language that I am speaking.)
    $100 11
Ireland

Myles
    $100 16
earrings

Michael
    $100 6
M*A*S*H

Stacie
    $100 26
Pearl Harbor

Stacie
    $100 21
the Bill of Rights

Myles
    $100 1
French

Michael
    $200 12
the Louisiana Purchase

Stacie
    $200 17
cufflinks

Michael
    $200 7
Gomer Pyle, U.S.M.C.

Stacie
    $200 27
balloons

Stacie
    $200 22
Moses

Stacie
    $200 2
Spanish

Stacie
    $300 13
Rutherford B. Hayes

Stacie
    $300 18
choker

Myles
    $300 8
Magnum, P.I.

Michael
    $300 28
Nicaragua

Stacie
    $300 23
pole vault

Stacie
    $300 3
German

Stacie
    $600 14
Benjamin Franklin

Stacie
    $400 19
Ray-Ban

Stacie
    $400 9
Major Dad

Stacie
    $400 29
(Stacie: Who is Forbes?)

H. Ross Perot

StacieMichael
    $400 24
eighth

Michael
    $400 4
Italian

Stacie
    $500 15
Stephen Douglas

Stacie
    $500 20
pillbox hat

Stacie
    $500 10
Judge Advocate General

Michael
    $500 30
(Alex: Buster Keaton made a film about it.)

the General

Triple Stumper
    $500 25
(Alex: With a minute to go.)

Vishnu

Myles
    $500 5
(Michael: What is Japanese?)

Greek

Michael
Triple Stumper

Scores at the first commercial break (after clue 14):

Myles Stacie Michael
$100 $2,700 $400

Scores at the end of the Jeopardy! Round:

Myles Stacie Michael
$1,000 $4,800 $1,500

Double Jeopardy! Round responses

WORLD GEOGRAPHY
IT'S NOT WHAT IT SEEMS
CLASSIC BOOKS
THE ARMY-NAVY GAME
JULY
"FOURTH"
    $200 8
(Stacie: What is Mount Fiji?)

Mount Fuji

StacieMichael
    $200 13
bird

Myles
    $200 26
Count

Michael
    $200 1
touchdowns

Myles
    $200 21
(Michael: What is July 1st?)

Canada Day

Michael
Triple Stumper
    $200 3
the Fourth Amendment

Stacie
    $400 9
South America

Myles
    $400 14
(Myles: What is...[time] beetle?)
(Michael: What are beetles?)
(Alex: Myles came up with the correct response, but unfortunately, he was too late.)

beetles

MylesMichael
    $400 2
Roger Staubach

Michael
    $400 22
(Stacie: What is Guam?)

Puerto Rico

MylesStacie
    $400 4
the Fourth Estate

Stacie
    $600 10
the Dead Sea

Stacie
    $600 15
lizard

Stacie
    $600 29
[The end-of-round signal sounds.]

Moby-Dick

Michael
    $600 18
"Anchors Aweigh"

Myles
    $600 23
(Alex: Minute to go.)

water lily

Stacie
    $2,000 5
the Fourth Crusade

Stacie
    $800 11
(Stacie: What is Switzerland?)
(Myles: What is France?)
...
(Alex: They landed in Egypt, they took off from Switzerland.)

Egypt

MylesStacie
Triple Stumper
    $800 16
marsupial

Myles
    $800 28
Journey to the Center of the Earth

Michael
    $2,200 19
Soldier Field

Myles
    $800 24
Jamestown

Myles
    $800 6
(Myles: What is a quadrant?)

the fourth dimension

MylesMichael
    $1000 12
the Rhine

Triple Stumper
    $1000 17
jellyfish

Myles
    $1000 27
Emma

Triple Stumper
    $1000 20
"Mr. Outside"

Myles
    $1000 25
Lady Jane Grey

Triple Stumper
    $1000 7
the Fourth Dynasty

Michael

Scores at the end of the Double Jeopardy! Round:

Myles Stacie Michael
$6,600 $7,800 $5,700

[wagering suggestions for these scores]

Final Jeopardy! Round responses

U.S. GOVERNMENT
(Alex: And by the way, you'll recall on Monday of this week, the top scorer of $18,000 came in with Jeff Krause, a Navy lieutenant who is stationed at Sigonella, Sicily, & we're going to double that score to $36,000 for him -- a happy man going back to Italy!)
MichaelWho is Janet Reno?
$3,299
MylesWho is Janet Reno?
$6,511
StacieWho is Janet Reno?
$7,000
Janet Reno

Final scores:

Myles Stacie Michael
$13,111 $14,800 $8,999
2nd place: Intel Create & Share Camera Pack & Micron Millennium Max Computer Winner: $14,800; week's big winner has total doubled 3rd place: Panasonic 13" Color TV & VCR combo & LCD Palmcorder

Game dynamics:

Coryat scores:

Myles Stacie Michael
$5,200 $6,200 $5,700
14 R
(including 1 DD),
3 W
23 R
(including 2 DDs),
4 W
15 R,
2 W

Combined Coryat: $17,100

[game clues] [game scores] [suggest correction]

Game tape date: Unknown
The J! Archive is created by fans, for fans. Scraping, republication, monetization, and malicious use prohibited; this site may use cookies and collect identifying information. See terms. The Jeopardy! game show and all elements thereof, including but not limited to copyright and trademark thereto, are the property of Jeopardy Productions, Inc. and are protected under law. This website is not affiliated with, sponsored by, or operated by Jeopardy Productions, Inc. Join the discussion at JBoard.tv.